Level three leadership : (Record no. 19391)

000 -LEADER
fixed length control field 01144cam a2200289 a 4500
001 - CONTROL NUMBER
control field 15180568
005 - DATE AND TIME OF LATEST TRANSACTION
control field 20170116113729.0
008 - FIXED-LENGTH DATA ELEMENTS--GENERAL INFORMATION
fixed length control field 080214s2009 njua b 001 0 eng
010 ## - LIBRARY OF CONGRESS CONTROL NUMBER
LC control number 2008006700
020 ## - INTERNATIONAL STANDARD BOOK NUMBER
International Standard Book Number 9780132423847
020 ## - INTERNATIONAL STANDARD BOOK NUMBER
International Standard Book Number 0132423847
035 ## - SYSTEM CONTROL NUMBER
System control number (OCoLC)ocn192109762
035 ## - SYSTEM CONTROL NUMBER
System control number (OCoLC)192109762
040 ## - CATALOGING SOURCE
Original cataloging agency DLC
Transcribing agency DLC
Modifying agency DLC
050 00 - LIBRARY OF CONGRESS CALL NUMBER
Classification number HD57.7
Item number .C545 2009
100 1# - MAIN ENTRY--PERSONAL NAME
Personal name Clawson, James G.
245 10 - TITLE STATEMENT
Title Level three leadership :
Remainder of title getting below the surface /
Statement of responsibility, etc. James G. Clawson.
250 ## - EDITION STATEMENT
Edition statement 4th ed.
260 ## - PUBLICATION, DISTRIBUTION, ETC. (IMPRINT)
Place of publication, distribution, etc. Upper Saddle River, N.J. :
Name of publisher, distributor, etc. Pearson/ Prentice Hall,
Date of publication, distribution, etc. c2009.
300 ## - PHYSICAL DESCRIPTION
Extent xxii, 473 p. :
Other physical details ill. ;
Dimensions 24 cm.
504 ## - BIBLIOGRAPHY, ETC. NOTE
Bibliography, etc Includes bibliographical references (p. 464-466) and index.
650 #0 - SUBJECT ADDED ENTRY--TOPICAL TERM
Topical term or geographic name as entry element Leadership.
856 41 - ELECTRONIC LOCATION AND ACCESS
Materials specified Table of contents only
Uniform Resource Identifier <a href="http://www.loc.gov/catdir/toc/ecip0811/2008006700.html">http://www.loc.gov/catdir/toc/ecip0811/2008006700.html</a>
942 ## - ADDED ENTRY ELEMENTS (KOHA)
Source of classification or shelving scheme
Koha item type Hard Covered Materials
Classification part HD57.7 .C545 2009
Holdings
Withdrawn status Lost status Source of classification or shelving scheme Damaged status Not for loan Home library Current library Shelving location Date acquired Source of acquisition Total Checkouts Full call number Barcode Date last seen Price effective from Koha item type
          MACHAKOS UNIVERSITY LIBRARY MACHAKOS UNIVERSITY LIBRARY Open shelf 16/01/2017 Donation(BFA)   HD57.7 .C545 2009 30149 16/01/2017 16/01/2017 Hard Covered Materials
© Machakos University Library, Along The Highway, Machakos Wote Rd, Machakos, Kenya P.O. Box 136 - 90100 Machakos - Kenya

Tel: ( +254 ) 723 805829 OR Fax : 044-20353 OR Email: library@mksu.ac.ke